European public procurement and construction implementation in Cyprus (Record no. 117598)

MARC details
000 -LEADER
fixed length control field 01331cam a2200217 4500
001 - CONTROL NUMBER
control field ABS@61468
008 - FIXED-LENGTH DATA ELEMENTS--GENERAL INFORMATION
fixed length control field 040625n2004 000 0 eng u
035 ## - SYSTEM CONTROL NUMBER
System control number (Sirsi) u126609
100 ## - MAIN ENTRY--PERSONAL NAME
Personal name Hadjimilitis, A.
245 ## - TITLE STATEMENT
Title European public procurement and construction implementation in Cyprus
260 ## - PUBLICATION, DISTRIBUTION, ETC.
Date of publication, distribution, etc. 2004
490 ## - SERIES STATEMENT
Series statement International Construction Law Review
Volume/sequential designation 21(2) April 2004, 197-229(33)
520 ## - SUMMARY, ETC.
Summary, etc. Three articles looking at construction procurement and implementation in Cyprus, which became a member of the European Union on 1 May 2004. Part I considers how European procurement laws will be implemented and their impact on the country's construction industry. Part II briefly describes the background to the legal system and construction industry in Cyprus. Part III traces the history of public procurement in Cyprus. Table I lists Cypriot laws and regulations in force before implementation, Table 2 sets out implementation measures of Cyprus by analogy with EU Directives. Part IV deals with enforcement and remedies. Part V assesses the impact upon the Cypriot construction industry.
590 ## - LOCAL NOTE (RLIN)
Local note ABS
590 ## - LOCAL NOTE (RLIN)
Local note ABS
650 ## - SUBJECT ADDED ENTRY--TOPICAL TERM
Topical term or geographic name entry element CYPRUS
650 ## - SUBJECT ADDED ENTRY--TOPICAL TERM
Topical term or geographic name entry element PUBLIC PROCUREMENT DIRECTIVES
650 ## - SUBJECT ADDED ENTRY--TOPICAL TERM
Topical term or geographic name entry element PFI
690 ## - LOCAL SUBJECT ADDED ENTRY--TOPICAL TERM (OCLC, RLIN)
Topical term or geographic name as entry element BUILDING AND CONSTRUCTION-PROCUREMENT, PARTNERING, TENDERING-CASE LAW
942 ## - ADDED ENTRY ELEMENTS (KOHA)
Suppress in OPAC 0
Holdings
Withdrawn status Lost status Source of classification or shelving scheme Damaged status Not for loan Home library Current library Shelving location Date acquired Total Checkouts Full call number Barcode Date last seen Copy number Price effective from Koha item type
    Dewey Decimal Classification     London London Journal article 25/06/2004   X126609 126609-1001 06/08/2019 1 06/08/2019 Journal article